=LDR 00000nam 2200000 4500 =001 INLIS000000000034243 =005 20130612140144 =008 ***********************************ind** =035 ##$$0010-061300000034243 =041 ##$$a ind =082 ##$$a 813 =090 ##$$a 813, She,j =100 ##$$a Sheldon, Dyan =245 ##$$a Jangking, Kurus dan Pirang, Dyan Sheldo ; Penerjemah,Manica, Dwi Chisnayani =260 ##$$a 2004 $b Jakarta =300 ##$$a 204 hlm., 21 cm =650 ##$$a Fiksi Indonesia =700 ##$$a Chirinayani,Monika Dwi =850 ##$$a NBPNMAT